The Diabolical Dictionary of Modern English : Complete and Unbridled /

محفوظ في:
التفاصيل البيبلوغرافية
المؤلف الرئيسي: Jackson, R.W (autor)
التنسيق: كتاب
اللغة:الإسبانية
منشور في: Nueva York, EUA : Dell, 1986, c1986
الموضوعات:
الوسوم: إضافة وسم
لا توجد وسوم, كن أول من يضع وسما على هذه التسجيلة!

MARC

LEADER 00000nam^a2200000^a^4500
001 000286890
005 20250521000000.0
009 20260310111821.728
020 |a 0-440-20203-5 
037 |a Acervo ITESO - Biblioteca 
041 |a ESP 
082 |a 423. 0207  |b JAC 
100 |a Jackson, R.W.  |e (autor) 
245 1 4 |a The Diabolical Dictionary of Modern English :  |b Complete and Unbridled /  |c R.W. Jackson ; pref. de Canto Blissfield. 
264 4 |a Nueva York, EUA :  |b Dell,  |c 1986, c1986 
300 |a X, 208 p. 
336 |a texto  |b txt  |2 rdacontenido 
337 |a sin mediación  |b n  |2 rdamedio 
338 |a volumen  |b nc  |2 rdasoporte 
649 |a XX 
650 |a Inglés -  |x Enciclopedias y Diccionarios -  |x Tema Principal 
650 |a Lenguas -  |x Enciclopedias y Diccionarios 
650 |a Humor -  |x Tema Principal 
650 |a Lingüística 
910 |a Fondo General 
920 |a Impresos - Libros 
930 |a Colección General 
905 |a 101 
901 |a 0500173819  |b IT1  |c ACC  |u 20250521 
902 |a https://opac.biblio.iteso.mx/vufind/Record/000286890